Les musiques de Bekar les plus écoutées sur Spotify - Statistiques

Statistiques générales
  • Ce quiz a été pris 440 fois
    337 depuis la dernière actualisation
  • Le résultat moyen est 7 sur 20
Statistiques - réponses
Streams * Album Année Titre % Correct
11 870 286 Mirasierra 2022 DEHØRS
77%
29 588 896 Mirasierra 2022 Magenta
77%
6 154 987 Plus fort que l'orage 2023 Fisheye (ft. PLK)
67%
7 584 804 Briques Rouges 2020 B.E
56%
6 489 372 Mirasierra 2022 La branche
47%
11 153 650 Mirasierra 2022 Un matelas sur le sol
44%
10 729 627 Boréal 2019 La mort a du goût
43%
7 582 712 Mira 2021 Opinel
41%
3 125 933 Plus fort que l'orage 2023 Entre 4 murs
38%
2 793 240 Mira 2021 Fenêtre sur mer
31%
3 150 868 Plus fort que l'orage 2023 A minuit
30%
3 046 030 Mirasierra 2022 Le film de ma vie (ft. Roshi)
29%
2 271 234 Plus fort que l'orage 2023 Razorlight
26%
6 515 990 Briques Rouges 2020 Soleil s'allume
24%
2 287 515 Mirasierra 2022 Avalanche
22%
4 430 124 Mirasierra 2022 59dB (ft. Zkr)
15%
2 157 560 Mira 2021 Mon coeur et ma tête
14%
2 444 382 Briques Rouges 2020 Aléas
13%
2 759 857 Boréal 2019 Noir & bleu
12%
2 446 557 Plus fort que l'orage 2023 Sans la pluie
8%
Aucun quiz correspondant
Distribution des résultats
% des personnes avec chaque résultat
Percentile par nombre de réponses
Votre historique - résultats
Vous n’avez pas pris ce quiz depuis la dernière actualisation